EXID all songs(2012-2022) - Statistics

General Stats
  • This quiz has been taken 16 times
  • The average score is 22 of 55
Answer Stats
Hint Answer % Correct
3rd Digital single Up & down
100%
X Fire
85%
4th Digital Single Hot pink
85%
Street L.I.E
85%
Ah Yeah Ah Yeah
77%
Full Moon DDD
77%
Digital single Every night
69%
2nd single album I love you
69%
B.L.E.S.S.E.D B.l.e.s.s.e.d
62%
Hippity Hop I Feel Good
62%
X Leggo
62%
We Me & You
62%
Eclipse Night Rather Than Day
54%
HOLLA Whoz that girl
54%
Street Are You Hungry?
46%
Street Cream
46%
Eclipse How Why
46%
HOLLA I do
46%
Eclipse Velvet
46%
We We Are..
46%
Bad Girl For You Bad Girl For You
38%
Hippity Hop Better Together
38%
Eclipse Boy
38%
Street Don't Want a Drive
38%
Street Good
38%
1st single album Lady
38%
Japanese digital single Trouble
38%
Street 3%
31%
Full Moon Foolish
31%
Street Hello
31%
We How You Doin'
31%
Street I Know
31%
Street Like the Seasons
31%
Trouble Memories
31%
We Midnight
31%
Street No Way
31%
B.L.E.S.S.E.D Official
31%
Street Only One
31%
Trouble The Beauty is Guilty!?
31%
We The Vibe
31%
Hippity Hop Think About
31%
Full Moon Too Good to Me
31%
Ah Yeah With Out U
31%
Ah Yeah 1M
23%
Bad Girl For You Break My Heart
23%
Trouble Cookie & Cream
23%
Full Moon Dreamer
23%
UP&DOWN(Japanese single) Vaporize Yourself!
23%
Full Moon Weeknd
23%
Eclipse Woo Yoo
23%
Full Moon Alice(feat. Pinkmoon)
0%
X IDK (I Don't Know)
0%
Ah Yeah Pat Pat
0%
Hippity Hop Phone Call
0%
Ah Yeah Thrilling
0%
No matching quizzes found
Score Distribution
Percent of People with Each Score
Percentile by Number Answered
Your Score History
You have not taken this quiz